Psychologie adolescentů : vývojová perspektiva a sociální kontext /

Uloženo v:
Další autoři: Macek, Petr, 1956- (Editor), Lacinová, Lenka, 1969- (Editor)
Médium: Kniha
Jazyk:Czech
Vydáno: Praha : Grada, 2026
Vydání:Vydání 1.
Edice:Psyché (Grada)
Témata:
Celkem bylo vypůjčeno:0x
Tagy:
Žádné tagy
LEADER 01743nam a2200457 i 4500
001 106319
003 CZ PrNK
005 20260512145948.0
007 ta
008 260312s2026 xr a e 001 0 cze
015 |a cnb003745307 
020 |a 9788027135134  |q (brožováno) :  |c Kč 899,00 
040 |a ABA001  |b cze  |d BOA001  |e rda 
041 0 |a cze  |b cze  |b eng 
072 7 |a 159.92  |x Vývojová psychologie. Individuální psychologie  |2 Konspekt  |9 17 
080 |a 159.922.8  |2 MRF 
080 |a 159.922  |2 MRF 
080 |a 316.6  |2 MRF 
080 |a (048.8:082)  |2 MRF 
245 0 0 |a Psychologie adolescentů :  |b vývojová perspektiva a sociální kontext /  |c Petr Macek, Lenka Lacinová (eds.) 
250 |a Vydání 1. 
264 1 |a Praha :  |b Grada,  |c 2026 
300 |a 675 stran :  |b ilustrace ;  |c 24 cm 
336 |a text  |b txt  |2 rdacontent 
337 |a bez média  |b n  |2 rdamedia 
338 |a svazek  |b nc  |2 rdacarrier 
490 1 |a Psyché 
504 |a Obsahuje bibliografie, bibliografické odkazy a rejstříky 
546 |a České a anglické resumé 
650 0 7 |a psychologie adolescentů  |7 ph115949  |2 czenas 
650 0 7 |a vývojová psychologie  |7 ph116715  |2 czenas 
650 0 7 |a sociální psychologie  |7 ph116212  |2 czenas 
655 7 |a kolektivní monografie  |7 fd501537  |2 czenas  |9 54806 
700 1 |a Macek, Petr,  |d 1956-  |7 jn20000401684  |4 edt  |9 29840 
700 1 |a Lacinová, Lenka,  |d 1969-  |7 nlk20020105633  |4 edt  |9 15592 
710 2 |a Grada (nakladatelství)  |7 kn20080316009  |4 pbl  |9 117315 
830 0 |a Psyché (Grada) 
910 |a UOG502 
942 |2 ddc  |c KN 
999 |d 106319 
993 |0 0  |1 421180107040  |2 ddc  |4 0  |6 159_900000000000000  |7 0  |9 99692  |b 0  |c 107040  |d 2026-05-12  |e 0  |f DOSP  |g 159.9  |h 899.00  |i Koupě  |l DOSP  |r 2026-05-12  |t 5  |w 2026-05-12  |y KN  |z NAUCNA  |n